000
00337 a2200157 4500
001
153011
040
_c
Escola São Tomás de Aquino
100
_a
MURRAY, Roseana
240
1
0
_a
Porta a porta
_l
por
245
1
0
_a
Porta a porta
300
_a
77
362
0
_a
1998
440
1
_a
Saraiva
697
_a
*LITERATURA JUVENIL
942
_c
BK
999
_c
153011
_d
153011